| 000 | 00603nam a2200169Ia 4500 | ||
|---|---|---|---|
| 005 | 20250423101342.0 | ||
| 008 | 250422s9999 xx 000 0 und d | ||
| 020 | _a1582794197 | ||
| 050 | _aPE 1628 .N42744/ | ||
| 245 | 4 | _aThe new international Webster's pocket dictionary of the English language | |
| 260 | _a[Naples, Fla.?] | ||
| 260 | _bTrident Reference Publishing | ||
| 260 | _c2008 | ||
| 300 | _a341 p | ||
| 650 | _aEnglish language--Dictionaries. English language--Grammar--Handbooks, manuals, etc. English language--Synonyms and antonyms. Quotations, English--Dictionaries. | ||
| 942 | _cBK | ||
| 999 |
_c36055 _d36055 |
||